| 000 | 00992camaa2200325Mu 4500 | ||
|---|---|---|---|
| 001 | 90029 | ||
| 005 | 20230411090048.0 | ||
| 008 | 070112s2006 sp 000 0 spa d | ||
| 035 | _a(OCoLC)ocn433709145 | ||
| 040 |
_aBNM _erdc _bspa _cBNM |
||
| 015 | _aMON0701-02960 | ||
| 016 | 7 |
_abimoBNE20070022970 _2SpMaBN |
|
| 017 | _aSE 4356-2006 | ||
| 020 | _a9788433020956 | ||
| 020 | _a8433020951 | ||
| 035 | _a(OCoLC)433709145 | ||
| 080 | _a657.62 | ||
| 049 | _aGRAL | ||
| 100 | 1 | _aOrtega Martínez, José Antonio. | |
| 245 | 1 | 0 |
_aAnálisis de estados financieros _h[Texto impreso] _b: teoría y aplicaciones _cJosé Antonio Ortega Martínez. |
| 260 |
_aBilbao _bDesclée de Brouwer _c[2006] |
||
| 300 |
_a333 p. _c23 cm. |
||
| 490 | 1 | _aBiblioteca de gestión | |
| 504 | _aBibliografía: p. [331]-333. | ||
| 650 | 7 |
_aAnálisis de balances. _2embne |
|
| 830 | 0 | _aBiblioteca de gestión (Editorial Desclée de Brouwer) | |
| 942 |
_2lcc _cbk |
||
| 994 |
_aC0 _bDRFGD |
||
| 946 | _almm | ||
| 999 |
_c111811 _d111811 |
||